• 首页
  • 本馆介绍
  • 公告通知
  • 最新文献
  • 馆藏检索
  • 电子资源
  • 读者导购
  • 参考咨询
  • 我的图书馆
  • 登录
  • 详细信息显示
  • 放入我的书架
  • 预约/预借图书
  • 作者相关作品
  • 分类相关作品
  • 丛书相关作品
  • 出版社相关作品

书目信息

  • 表格格式
  • 工作单格式
  • 卡片格式
题名:
食品毒理
    
 
作者: ;上海第一医学院 , 中国医学科学院卫生研究所 主编
分册:  
出版信息: 北京   人民卫生出版社  1978
页数: 536页
开本: 26cm
丛书名:
单 册:
中图分类: R994.4
科图分类:
主题词: 食品-毒理 , 毒理-食品
电子资源:
ISBN:
000 00753nam0 2200253 45
001 0178000934
005 20060815103155.68
010    @dCNY5.45
091    @a14048.3618
100    @a19950814d1978 em y0chiy0121 ea
101 0  @achi
102    @aCN@b110000
105    @ay z 000yy
200 10 @a食品毒理@Ashi pin du li@f上海第一医学院,中国医学科学院卫生研究所主编
210    @a北京@c人民卫生出版社@d1978
215    @a536页@d26cm
300    @a国内发行
606    @a食品-毒理
606    @a毒理-食品
690    @aR994.4@v3
711 02 @a上海第一医学院@Ashang hai di yi yi xue yuan@4主编
711 02 @a中国医学科学院卫生研究所@Azhong guo yi xue ke xue yuan wei sheng yan jiu suo@4主编
801  0 @aCN@bTSSF@c20060815
905    @a10447@dR994.4@e41
    
    食品毒理/上海第一医学院,中国医学科学院卫生研究所主编.-北京:人民卫生出版社,1978
    536页;26cm
    国内发行
    
    ISBN :CNY5.45
    
●
相关链接 在E读中查询图书 在五车中查询图书 在当当中查询图书 在豆瓣中查询图书


正题名:食品毒理     索取号:R994.4/41         预约/预借

序号 登录号 条形码 馆藏地/架位号 状态 备注
1 0458432   204584324   密集书库/ [索取号:R994.4/41] 在馆    
唐山师范学院图书馆 欢迎您!
大连网信软件有限公司© 版权所有